Guidance and Career Counseling (Record no. 6998)
[ view plain ]
| 000 -LEADER | |
|---|---|
| fixed length control field | 00228nam a22000857a 4500 |
| 008 - FIXED-LENGTH DATA ELEMENTS--GENERAL INFORMATION | |
| fixed length control field | 170621b xxu||||| |||| 00| 0 eng d |
| 100 ## - MAIN ENTRY--PERSONAL NAME | |
| 9 (RLIN) | 3610 |
| Personal name | Singh. Y. K |
| 245 ## - TITLE STATEMENT | |
| Title | Guidance and Career Counseling |
| 260 ## - PUBLICATION, DISTRIBUTION, ETC. (IMPRINT) | |
| Place of publication, distribution, etc. | New Delhi |
| Name of publisher, distributor, etc. | A. P. H |
| Date of publication, distribution, etc. | 2009 |
| Withdrawn status | Lost status | Source of classification or shelving scheme | Damaged status | Koha normalized classification for sorting | Not for loan | Home library | Current library | Shelving location | Date acquired | Total Checkouts | Full call number | Barcode | Date last seen | Price effective from | Koha item type |
|---|---|---|---|---|---|---|---|---|---|---|---|---|---|---|---|
| Dewey Decimal Classification | 503_000000000000000 | Good Samaritan School Library | Good Samaritan School Library | GENERAL | 06/21/2017 | 503 | SIN7719 | 06/21/2017 | 06/21/2017 | BOOK | |||||
| Dewey Decimal Classification | SIN_150_000000000000000_A11 | Good Samaritan School Library | Good Samaritan School Library | PSYCHOLOGY | 06/21/2017 | SIN150 A-11 | SIN7720 | 06/21/2017 | 06/21/2017 | BOOK |